Changes in the Application of Methods and Techniques in the Implementation of Managerial Functions in the Context of the Impact the Fourth Industrial Revolution

Zmeny v uplatňovaní metód a techník pri výkone jednotlivých manažérskych funkcií v kontexte dopadov štvrtej priemyselnej revolúcie na teoretickú úroveň. Definícia priemyslu 4.0 a manažérskych funkcií. Manažérske funkcie ako plánovanie, organizovanie, kontrola, vedenie a ľudské zdroje a ich ovplyvnen...

Descrizione completa

Salvato in:
Dettagli Bibliografici
Autore principale: Jankelová, Nadežda, 1966-
Altri autori: Puhovichová, Diana, 1994-
Natura: Capitolo di libro
Lingua:inglese
Soggetti:
Tags: Aggiungi Tag
Nessun Tag, puoi essere il primo ad aggiungerne!!

MARC

LEADER 00000naa$a2200000$$$4500
001 0270986
005 20240502083818.1
041 0 |a eng 
044 |a BG 
245 1 0 |a Changes in the Application of Methods and Techniques in the Implementation of Managerial Functions in the Context of the Impact the Fourth Industrial Revolution  |c Nadežda Jankelová, Diana Puhovichová 
520 |a Zmeny v uplatňovaní metód a techník pri výkone jednotlivých manažérskych funkcií v kontexte dopadov štvrtej priemyselnej revolúcie na teoretickú úroveň. Definícia priemyslu 4.0 a manažérskych funkcií. Manažérske funkcie ako plánovanie, organizovanie, kontrola, vedenie a ľudské zdroje a ich ovplyvnenie štvrtou priemyselnou revolúciou. 
610 2 0 |a revolúcia priemyselná 
610 2 0 |a priemysel 4.0 
610 2 0 |a zdroje ľudské 
610 2 0 |a automatizácia 
610 2 0 |a cloud computing 
100 1 |a Jankelová, Nadežda, 1966- 
700 1 |a Puhovichová, Diana, 1994-